ARRUPE JESUIT UNIVERSITY

CORONAVIRUS -STOP THE SPREAD - CLEAN,DISINFECT,COVER

Omens of millennium : (Record no. 118411)

MARC details
000 -LEADER
fixed length control field 01267pam a2200337 a 4500
001 - CONTROL NUMBER
control field 688660
003 - CONTROL NUMBER IDENTIFIER
control field ARRUPE
005 - DATE AND TIME OF LATEST TRANSACTION
control field 20131023133120.0
008 - FIXED-LENGTH DATA ELEMENTS--GENERAL INFORMATION
fixed length control field 960130s1996 nyu 000 0deng
010 ## - LIBRARY OF CONGRESS CONTROL NUMBER
LC control number 96003868
020 ## - INTERNATIONAL STANDARD BOOK NUMBER
International Standard Book Number 1573220450 (alk. paper)
040 ## - CATALOGING SOURCE
Original cataloging agency DLC
Transcribing agency DLC
Modifying agency DLC
043 ## - GEOGRAPHIC AREA CODE
Geographic area code n-us---
050 00 - LIBRARY OF CONGRESS CALL NUMBER
Classification number BF1999
Item number .B65146 1996
082 00 - DEWEY DECIMAL CLASSIFICATION NUMBER
Classification number 291.2/3
Edition number 20
300 ## - PHYSICAL DESCRIPTION
Dimensions 24 cm.
100 1# - MAIN ENTRY--PERSONAL NAME
Personal name Bloom, Harold.
9 (RLIN) 2786
245 10 - TITLE STATEMENT
Title Omens of millennium :
Remainder of title the gnosis of angels, dreams, and resurrection /
Statement of responsibility, etc Harold Bloom.
260 ## - PUBLICATION, DISTRIBUTION, ETC. (IMPRINT)
Place of publication, distribution, etc New York :
Name of publisher, distributor, etc Riverhead Books,
Date of publication, distribution, etc 1996.
300 ## - PHYSICAL DESCRIPTION
Extent 255 p. ;
600 10 - SUBJECT ADDED ENTRY--PERSONAL NAME
Personal name Bloom, Harold.
9 (RLIN) 2787
650 #0 - SUBJECT ADDED ENTRY--TOPICAL TERM
Topical term or geographic name as entry element Gnosticism.
9 (RLIN) 2788
650 #0 - SUBJECT ADDED ENTRY--TOPICAL TERM
Topical term or geographic name as entry element Angels
Form subdivision Comparative studies.
9 (RLIN) 2789
650 #0 - SUBJECT ADDED ENTRY--TOPICAL TERM
Topical term or geographic name as entry element Dreams
General subdivision Religious aspects
Form subdivision Comparative studies.
9 (RLIN) 2790
650 #0 - SUBJECT ADDED ENTRY--TOPICAL TERM
Topical term or geographic name as entry element Future life
Form subdivision Comparative studies.
9 (RLIN) 2791
650 #0 - SUBJECT ADDED ENTRY--TOPICAL TERM
Topical term or geographic name as entry element Resurrection
Form subdivision Comparative studies.
9 (RLIN) 2792
650 #0 - SUBJECT ADDED ENTRY--TOPICAL TERM
Topical term or geographic name as entry element Millennialism
Form subdivision Comparative studies.
9 (RLIN) 2793
651 #0 - SUBJECT ADDED ENTRY--GEOGRAPHIC NAME
Geographic name United States
General subdivision Religion.
9 (RLIN) 2794
906 ## - LOCAL DATA ELEMENT F, LDF (RLIN)
a 7
b cbc
c orignew
d 1
e ocip
f 19
g y-gencatlg
942 ## - ADDED ENTRY ELEMENTS (KOHA)
Source of classification or shelving scheme Library of Congress Classification
Koha item type Monograph ( Printed materials)
Holdings
Withdrawn status Lost status Source of classification or shelving scheme Damaged status Not for loan Home library Current library Date acquired Total Checkouts Full call number Barcode Date last seen Price effective from Koha item type
    Library of Congress Classification     ARRUPE LIBRARY ARRUPE LIBRARY 23/10/2013   BF1999 .B65146 1996 46411466 12/09/2016 23/10/2013 Monograph ( Printed materials)

 

Arrupe Library. PO Box MP320 Mt Pleasant, Harare, Zimbabwe
263 242 745411|librarian@aju.ac.zw